000 00422pab a2200169 454500
008 180718b1999 xxu||||| |||| 00| 0 eng d
100 _aSalemo, Michael K.
245 _aThe state of economic education
260 _c1999
300 _ap.355-61
362 _aMay
650 _aEconomics - United States
650 _aEconomics
700 _aSiegfried, John J.
773 _aAmerican Economic Review
909 _a45893
999 _c45893
_d45893